000 00704nam a2200265Ia 4500
005 20260324153439.0
008 008 260324s9999 xx 000 0 eng d
020 _a9780128215050
037 _aEBOOK
040 _aCRL
040 _beng
040 _cCRL
041 _2eng
041 _aeng
084 _qCRL
100 _aSaptarshi Das
_91231428
245 0 _a2D Materials for Electronics, Sensors and Devices: Synthesis, Characterization, Fabrication and Application
260 _bElsevier
260 _c2023
650 _aMaterials Science
856 _uhttps://www.sciencedirect.com/science/book/9780128215050
942 _cEBOOK
999 _c1842946
_d1842946